| 000 | 00523nam a22001697a 4500 | ||
|---|---|---|---|
| 999 |
_c40757 _d40757 |
||
| 003 | OSt | ||
| 005 | 20201020111339.0 | ||
| 008 | 191101b ||||| |||| 00| 0 eng d | ||
| 020 | _a97881902146854 | ||
| 040 | _cMESKC library | ||
| 082 |
_a891.443 _bTAG/T |
||
| 100 | 1 |
_aTagore, Rabindranath _d1861-1941 _938 |
|
| 245 |
_aTagore Ki Prernapradh Kahaniyan / _cRabindranath Tagore |
||
| 260 |
_aDelhi : _bDream Book Service, _c2017 |
||
| 300 | _a199p | ||
| 942 |
_2ddc _cBK _h891.443 _iTAG/T _k891.443 _mTAG/T |
||